| 000 | 00383cam a2200157ua 4500 | ||
|---|---|---|---|
| 041 |
_aeng _h |
||
| 082 |
_a320.58 _bWAT/TA |
||
| 100 | _aWatson, Francis . | ||
| 245 |
_aTalking of Gandhiji / _cFrancis Watson. _hTextual Documents |
||
| 260 |
_aBombay : _bOrient-Longman Ltd , _c1957. |
||
| 300 | _a141 ; . | ||
| 500 | _aAnnex | ||
| 504 | _a | ||
| 942 | _cBK | ||
| 999 |
_c11140 _d11140 |
||